China and the world (Record no. 37860)
[ view plain ]
| 000 -LEADER | |
|---|---|
| fixed length control field | 03056nam a2200385 a 4500 |
| 082 04 - DEWEY DECIMAL CLASSIFICATION NUMBER | |
| Classification number | 327.51 |
| 245 00 - TITLE STATEMENT | |
| Title | China and the world |
| 260 ## - PUBLICATION, DISTRIBUTION, ETC. (IMPRINT) | |
| Place of publication | Leiden ; |
| -- | Boston : |
| Name of publisher | Brill, |
| Year of publication | 2013. |
| 300 ## - PHYSICAL DESCRIPTION | |
| Number of Pages | xii, 337 p. : |
| Other physical details | ill. |
| 490 0# - SERIES STATEMENT | |
| Series statement | China in the world : a survey of Chinese perspectives on international politics and economics, |
| 505 0# - FORMATTED CONTENTS NOTE | |
| Formatted contents note | Thoughts on the grand change of world politics and China's international strategy / Wang Jisi -- China and the world : balance, imbalance, and rebalance / Guo Shuqing -- The rich, the poor, and China : China's responsibilities in an era of three worlds / Li Daokui -- Understanding the changing relations between China and its neighbors / Zhanng Yunling -- The China model and world order / Su Changhe -- TPP : a major challenge to China in the process of its rise / Li Xiangyang -- The rise of China and the adjustment of the international order : a case study of China's participation in the multilateral trading system / Song Hong -- Global economic recovery : an uphill battle? / Huang Haizhou, Li Zhiyong, and Wang Hui -- Structural changes of global economy and new challenges of emerging economy / Zhu Min -- Chinese national security : its missions, sequences, and major characteristics / Wang Yizhou -- Japan's search for a national identity and its historical reflections / Li Wei -- Overcome the fear of RMB appreciation / Yu Yongding -- RMB's internationalization under the system of limited exchange rate and capital account control / Zhang Bing and Xu Qiyuan -- How can RMB become an international currency? : enhancing the status and the role of SDRs in the international monetary system : prospects for the Renminbi joining the SDR basket / Qiao Yide, Xu Mingqi, Li Rui, Ge Jiafei, and Shi Qing -- China and the United States in the next decade / Zhang Weiying, He Huaihong, Huang Haizhou, Yuan Yaxiang and Wang Jisi. |
| 650 #0 - SUBJECT ADDED ENTRY--TOPICAL TERM | |
| Topical Term | National security |
| Topical Term | Monetary policy |
| Topical Term | Renminbi. |
| 700 1# - ADDED ENTRY--PERSONAL NAME | |
| Personal name | Shao, Binhong. |
| 856 40 - ELECTRONIC LOCATION AND ACCESS | |
| Uniform Resource Identifier | http://site.ebrary.com/lib/rucke/Doc?id=10725081 |
No items available.
